01061nam a2200325 i 450000500170000000700030001700800410002002000180006104000350007904100080011408400110012210000400013324500500017326400260022330000250024933600270027433700330030133800280033449000140036252100380037654500580041465000400047265000420051265000400055465000340059465000370062865000400066594200150070599900150072020220317002029.0ta201110s2017 ck er 000 jdspa d a9789588461908 aCO-BoRNBPbspaerdacCO-BoRNBP0 aspa aC OSP31 aOspina Obando, Dianad1974-eautora10aPasajeros en tránsito cDiana Ospina Obando 1aBogotábIconoc2017 a119 páginasc24 cm 2rdacontentatextobtxt 2rdamediaasin mediaciónbn 2rdacarrieravolumenbnc aLiteraria aRecomendado para público adulto aIncluye datos biográficos de la autora en la solapa172LEMBaCuentos colombianosySiglo XX172LEMBaLiteratura colombianaySiglo XX172LEMBaAutores colombianosySiglo XX172LEMBaVida cotidianavCuentos172LEMBaPaseos peatonalesvCuentos172LEMBaInteracción socialvCuentos 2loccBKLIT c8953d8953